000 00579nam a2200181Ia 4500
008 100917s9999 xx 000 0 und d
082 _b54050
100 _aविटेवर ब. बा.
245 _aघृष्णेश्वर मंदिर , वेरूळ
260 _b---
_c1937
300 _a23
365 _b0.4
520 _aप्रवास
630 _aघृष्णेश्वर मंदिर , वेरूळ
650 _aप्रवास
730 _aघृष्णेश्वर मंदिर , वेरूळ
942 _cBOOK
999 _c659444
_d659441